Oldest Ever Goalscorers at the UEFA EUROs - Statistics

General Stats
  • This quiz has been taken 107 times
    44 since last reset
  • The average score is 9 of 25
Answer Stats
# Age Tournament For Against Score Answer % Correct
1 38y 9m 15d 2024 Croatia Italy 1:1 Luka Modric
97%
7 35y 10m 4d 2024 Poland France 1:1 Robert Lewandowski
92%
6 36y 4m 18d 2021 Portugal France 2:2 Cristiano Ronaldo
89%
8 35y 8m 13d 2012 Ukraine Sweden 2:1 Andriy Shevchenko
81%
3 37y 10m 17d 2021 North Macedonia Austria 1:3 Goran Pandev
65%
11 35y 2m 2d 2024 Austria Poland 3:1 Marko Arnautovic
59%
19 34y 2m 10d 2021 Italy England 1:1 (4-3pens) Leonardo Bonucci
54%
10 35y 2m 16d 2008 Czech Republic Turkey 2:3 Jan Koller
46%
9 35y 3m 10d 2012 Greece Russia 1:0 Georgios Karagounis
38%
21 34y 13d 2012 Germany Greece 4:2 Miroslav Klose
38%
25 33y 7m 26d 2024 Germany Hungary 2:0 İlkay Gündoğan
32%
16 34y 6m 23d 2000 France Denmark 3:0 Laurent Blanc
22%
23 33y 8m 25d 1996 Scotland Switzerland 1:0 Ally McCoist
19%
14 34y 7m 28d 2012 Italy Spain 1:1 Antonio Di Natale
16%
4 37y 2m 2016 Hungary Portugal 3:3 Zoltán Gera
16%
12 35y 2m 1d 2008 Italy Romania 1:1 Christian Panucci
11%
13 34y 9m 12d 2012 Sweden England 2:3 Olof Mellberg
11%
24 33y 7m 27d 1996 Germany England 1:1 (6-5pens) Stefan Kuntz
11%
5 36y 6m 11d 2016 Northern Ireland Ukraine 2:0 Gareth McAuley
8%
2 38y 8m 14d 2008 Austria Poland 1:1 Ivica Vastic
8%
17 34y 6m 5d 2024 Albania Croatia 2:2 Klaus Gjasula
8%
15 34y 7m 1984 Portugal Romania 1:0 Nené
8%
22 33y 11m 22d 2016 Russia England 1:1 Vasili Berezutski
8%
20 34y 24d 2016 Ireland Sweden 1:1 Wes Hoolahan
8%
18 34y 3m 1d 1960 Czechoslovakia France 2:0 Ladislav Pavlovic
5%
No matching quizzes found
Score Distribution
Percent of People with Each Score
Percentile by Number Answered
Your Score History
You have not taken this quiz since the last reset